Cómo estudiar eficazmente: guía práctica
Պահպանված է:
| Հիմնական հեղինակ: | |
|---|---|
| Ձևաչափ: | Գիրք |
| Լեզու: | իսպաներեն |
| Հրապարակվել է: |
Buenos Aires
El Ateneo
1998
|
| Հրատարակություն: | 2a. ed |
| Շարք: | Educación. Metodología de Estudio, 1430
|
| Խորագրեր: | |
| Ցուցիչներ: |
Ավելացրեք ցուցիչ
Չկան պիտակներ, Եղեք առաջինը, ով նշում է այս գրառումը!
|
MARC
| LEADER | 00000nam a2200000 a 4500 | ||
|---|---|---|---|
| 001 | UCL0853 | ||
| 003 | CL-VaPUC | ||
| 008 | 030825e19980000AG |||||||||||||||||spa|d | ||
| 020 | |a 9500258161 | ||
| 082 | 0 | 4 | |a 371.3028 |b PER |2 21 |
| 100 | 0 | |a Pérez Taboada de Tappatá, Nilda |e author |9 477574 | |
| 245 | 1 | 0 | |a Cómo estudiar eficazmente: guía práctica |
| 250 | |a 2a. ed | ||
| 300 | |a 101 p | ||
| 942 | |c BK | ||
| 945 | |d 20030825 00:00:00 |a cmena | ||
| 260 | |a Buenos Aires |b El Ateneo |c 1998 | ||
| 650 | 0 | |a Métodos de estudio |9 260518 | |
| 583 | |a last modification |c 20140410 05:40:19 |k Rodrigo Vera | ||
| 490 | 0 | |a Educación. Metodología de Estudio, 1430 | |
| 999 | |c 304579 |d 304577 | ||
| 952 | |0 0 |1 0 |4 0 |6 371_302800000000000_PER_1998 |7 0 |8 A |9 367023 |a BIBEDU |b BIBEDU |d 2019-11-21 |i 3932656 |o 371.3028 PER 1998 |p 3932656 |r 2019-11-21 |w 2019-11-21 |y BK |k EPE | ||
| 952 | |0 0 |1 0 |4 0 |6 371_302800000000000_PER_1998 |7 0 |8 A |9 367024 |a BIBEDU |b BIBEDU |d 2019-11-21 |i 4264959 |o 371.3028 PER 1998 |p 4264959 |r 2019-11-21 |w 2019-11-21 |y BK |k EBA | ||